000 01476nam a2200457 i 4500
001 33851
003 KOSZ 005
005 20200206105422.0
008 980928s1998 pl f |001 0 pol d
015 _aPB 1998/12389
020 _a8387558265
035 _a991005571819705066
035 _a(PL-WaBN)b11455809-48omnis_nlop
035 _ab11455809
035 _a(OCoLC)749229405
035 _a(PL)b0000001145580
035 _a(EXLNZ-48OMNIS_NETWORK)9910294383405606
040 _aWA N
_cWA N
_dKOSZ 005/HR
041 0 _apol
046 _k1998
080 _a347.7(438)
080 _a(094.4)
245 0 0 _aKodeks handlowy :
_bkomentarz /
_cJózef Frąckowiak [et al.] ; pod red. Kazimierza Kruczalaka.
250 _a[Stan prawny na 15 czerwca 1998 r.].
260 _aWarszawa :
_bWydawnictwa Prawnicze PWN,
_c1998.
300 _a758, [2] s. ;
_c25 cm.
380 _aKsiążki
380 _aPublikacje fachowe
388 _a1901-2000
388 _a1989-2000
504 _aBibliogr. s. 715-721. - Indeks.
650 7 _aPrawo handlowe
_2DBN
651 7 _aPolska
_2DBN
655 7 _aKomentarz prawny
658 _aPrawo i wymiar sprawiedliwości
700 1 _aFrąckowiak, Józef
_d(1947- )
_eAutor
700 1 _aKruczalak, Kazimierz
_d(1934-2002)
_eRedakcja
856 _uhttp://koha.tu.koszalin.pl/cgi-bin/koha/opac-detail.pl?biblionumber=33851
_yKatalog online BPK
942 _2UKD
_cKS
999 _c33851
_d33851